| 000 | 00380nam a2200109Ia 4500 | ||
|---|---|---|---|
| 008 | 171211s9999 xx 000 0 und d | ||
| 245 | _aImpact Evaluation of Small and Medium Enterprise Programs in Latin America and the Caribbean | ||
| 245 | _cGladys López-Acevedo and Hong W. Tan | ||
| 260 | _c2011 | ||
| 650 | _xEconomics | ||
| 856 | _uhttp://down.ebook777.com/063/0821387758.pdf | ||
| 999 |
_c348116 _d348116 |
||